| 000 | 01597cam a22004458i 4500 | ||
|---|---|---|---|
| 001 | on1029067590 | ||
| 003 | OCoLC | ||
| 005 | 20220207140201.0 | ||
| 008 | 180315s2019 cau c 000 1 eng | ||
| 010 | _a 2018005367 | ||
| 020 |
_a9781368013352 _q(alk. paper) |
||
| 020 | _a136801335X | ||
| 035 |
_a(OCoLC)1029067590 _z(OCoLC)1035464823 |
||
| 040 |
_aDLC _beng _erda _cDLC _dOCLCO _dYDX _dORX _dTOH |
||
| 042 |
_apcc _alcac |
||
| 049 | _aUOKA | ||
| 050 | 0 | 0 |
_aPZ7.1.L4414 _bDr 2019 |
| 092 | _aF | ||
| 100 | 1 |
_aLee, Yoon Ha, _d1979- _eauthor. _95763092 |
|
| 245 | 1 | 0 |
_aDragon Pearl / _cby Yoon Ha Lee. |
| 250 | _aFirst edition. | ||
| 263 | _a1901 | ||
| 264 | 1 |
_aLos Angeles ; _aNew York : _bDisney-Hyperion, _c2019. |
|
| 300 | _apages cm | ||
| 336 | _atext | ||
| 337 | _aunmediated | ||
| 338 | _avolume | ||
| 490 |
_aA Thousand Worlds Novel: _vbook 1 |
||
| 500 | _a"Rick Riordan Presents." | ||
| 520 | _aMin, a thirteen-year-old girl with fox-magic, stows away on a battle cruiser and impersonates a cadet in order to solve the mystery of what happened to her older brother in the Thousand World Space Forces. | ||
| 650 | 1 |
_aScience fiction _991082 |
|
| 650 | 1 |
_aAdventure and adventurers _vFiction _9102533 |
|
| 650 | 1 |
_aAdventure and adventurers _vJuvenile fiction. _95674482 |
|
| 650 | 1 |
_aSpace flight _vFiction. _95706830 |
|
| 650 | 1 |
_aMagic _vFiction. _95673694 |
|
| 650 | 1 |
_aBrothers and sisters _vFiction. _95673852 |
|
| 650 | 7 |
_aJUVENILE FICTION / General. _2bisacsh _95674981 |
|
| 942 |
_2ddc _cBOOK |
||
| 999 |
_c240108 _d240108 |
||
| 999 | _b03422823 | ||